• 首页
  • 本馆介绍
  • 公告通知
  • 最新文献
  • 馆藏检索
  • 电子资源
  • 读者荐购
  • 参考咨询
  • CALIS
  • 我的图书馆
  • 登录
  • 详细信息显示
  • 放入我的书架
  • 预约/预借图书
  • 作者相关作品
  • 分类相关作品
  • 丛书相关作品
  • 出版社相关作品

书目信息

  • 表格格式
  • 工作单格式
  • 卡片格式
题名:
建筑工程项目质量管理与检测研究
    
 
作者: 董晓玲 , 张圣亮 , 王卜玮 著
分册:  
出版信息: 延吉   延边大学出版社  2024.05
页数: 150页
开本: 26cm
丛书名:
单 册:
中图分类: TU712.3
科图分类:
主题词: 建筑工程--jian zhu gong cheng--工程质量--质量检验--研究
电子资源:
ISBN: 978-7-230-06660-0
 
 
 
 
 
000 01321nam0 2200265 450
001 91681
005 20250817105040.64
010    @a978-7-230-06660-0@dCNY68.00
100    @a20240726d2024 em y0chiy50 ea
101 0  @achi
102    @aCN@b220000
105    @ak a 000yy
106    @ar
200 1  @a建筑工程项目质量管理与检测研究@Ajian zhu gong cheng xiang mu zhi liang guan li yu jian ce yan jiu@f董晓玲, 张圣亮, 王卜玮著
210    @a延吉@c延边大学出版社@d2024.05
215    @a150页@d26cm
320    @a有书目 (第149-150页)
330    @a本书主要围绕建筑工程项目质量管理与质量检测两方面展开研究与探讨, 一方面, 阐述了建筑工程项目质量管理的主要内容, 指出了建筑工程项目质量管理中存在的各种问题, 并提出相应的解决措施 ; 另一方面, 系统介绍了建筑工程项目质量检测的基本原则、方法和主要内容, 并进一步论述了建筑工程项目质量检测技术应用中存在的问题, 以及后续的改进措施和优化方案。本书层次清晰, 逻辑严密, 语言简练, 内容连贯, 较好地做到了理论联系实际, 是一本应用型的图书, 可为建筑工程领域相关的技术人员和研究人员提供一定的参考。
606 0  @a建筑工程@Ajian zhu gong cheng@x工程质量@x质量检验@x研究
690    @aTU712.3@v5
701  0 @a董晓玲@Adong xiao ling@4著
701  0 @a张圣亮@Azhang sheng liang@4著
701  0 @a王卜玮@Awang bu wei@4著
801  0 @aCN@c20250909
905    @a河南城建学院图书馆@dTU712.3@eD740@f1
    
    建筑工程项目质量管理与检测研究/董晓玲, 张圣亮, 王卜玮著.-延吉:延边大学出版社,2024.05
    150页;26cm
    
    
    ISBN 978-7-230-06660-0:CNY68.00
    本书主要围绕建筑工程项目质量管理与质量检测两方面展开研究与探讨, 一方面, 阐述了建筑工程项目质量管理的主要内容, 指出了建筑工程项目质量管理中存在的各种问题, 并提出相应的解决措施 ; 另一方面, 系统介绍了建筑工程项目质量检测的基本原则、方法和主要内容, 并进一步论述了建筑工程项目质量检测技术应用中存在的问题, 以及后续的改进措施和优化方案。本书层次清晰, 逻辑严密, 语言简练, 内容连贯, 较好地做到了理论联系实际, 是一本应用型的图书, 可为建筑工程领域相关的技术人员和研究人员提供一定的参考。
●
相关链接 在E读中查询图书 在当当中查询图书 在豆瓣中查询图书


正题名:建筑工程项目质量管理与检测研究     索取号:TU712.3/D740         预约/预借

序号 登录号 条形码 馆藏地/架位号 状态 备注
1 1625645   216256450   建筑库201/201建筑库 24排2列2层/ [索取号:TU712.3/D740] 在馆    
河南城建学院图书馆 欢迎您!
大连网信软件有限公司© 版权所有